书目信息 |
| 题名: |
西方美学史论丛续编
|
|
| 作者: | 汝信 著 | |
| 分册: | ||
| 出版信息: | 上海 上海人民出版社 1983 |
|
| 页数: | 334页 | |
| 开本: | 21cm | |
| 丛书名: | ||
| 单 册: | ||
| 中图分类: | B83-095 , B83 | |
| 科图分类: | ||
| 主题词: | 美学 , 美学史--西方国家--文集 | |
| 电子资源: | ||
| ISBN: | ||
| 000 | 00662nam0 2200253 45 | |
| 001 | 0183005909 | |
| 005 | 20060817085642.28 | |
| 010 | @dCNY1.35 | |
| 091 | @a2074.406 | |
| 100 | @a19950620d1983 emky0chiy0121 ea | |
| 101 | 0 | @achi |
| 102 | @aCN@b310000 | |
| 105 | @ay z 000yy | |
| 200 | 10 | @a西方美学史论丛续编@Axi fang mei xue shi lun cong xu bian@f汝信著 |
| 210 | @a上海@c上海人民出版社@d1983 | |
| 215 | @a334页@d21cm | |
| 606 | 0 | @a美学 |
| 606 | @a美学史@y西方国家@x文集 | |
| 690 | @aB83-095@v3 | |
| 690 | @aB83@v3 | |
| 701 | 0 | @a汝信@Aru xin@4著 |
| 801 | 2 | @aCN@bNLC@c20060817 |
| 801 | 0 | @aCN@b上海图书馆@c20031217 |
| 905 | @dB83@e27@f1@b93322 | |
| 西方美学史论丛续编/汝信著.-上海:上海人民出版社,1983 |
| 334页;21cm |
| ISBN :CNY1.35 |
| ● |
| 相关链接 |
|
|
|
|
正题名:西方美学史论丛续编
索取号:B83/27
 
预约/预借
| 序号 | 登录号 | 条形码 | 馆藏地/架位号 | 状态 | 备注 |
| 1 | 0093321 | 000489563 | 密集书库/ [索取号:B83/27] | 在馆 | |
| 2 | 0093322 | 000512528 | 密集书库/ [索取号:B83/27] | 在馆 | |
| 3 | 0093323 | 001661286 | 密集书库/ [索取号:B83/27] | 在馆 | |
| 4 | 0118362 | 000489572 | 密集书库/ [索取号:B83/27] | 在馆 | |
| 5 | 0118363 | 000489457 | 第一样本阅览室/ [索取号:B83/27] | 在馆 | |
| 6 | 0118364 | 000512537 | 第一借阅区/ [索取号:B83/27] | 在馆 | |
| 7 | 0465216 | 204652161 | 密集书库/ [索取号:B83/27] | 在馆 |